[Event "FSV-ch 2013"]
[Site "Dortmund"]
[Date "2013.04.04"]
[Round "2.4"]
[White "Lauche, Christoph"]
[Black "Büdel, Jürgen"]
[Result "1-0"]
[WhiteElo "1908"]
[BlackElo "1637"]
[PlyCount "83"]
[EventDate "2013.??.??"]

1. e4 c5 2. b4 cxb4 3. a3 d5 4. exd5 Qxd5 5. Nf3 Nf6 6. axb4 g6 7. Nc3 Qe6+ 8.
Be2 Bg7 9. O-O O-O 10. d4 b6 11. Ne5 Bb7 12. Re1 Qc8 13. Bb2 Nbd7 14. f4 Rd8
15. Bf3 Bxf3 16. Qxf3 Nf8 17. Nc6 Qg4 18. Nxd8 Qxf3 19. gxf3 Rxd8 20. Rxe7 Nh5
21. Ne2 Ne6 22. c3 Bf6 23. Rexa7 Re8 24. Ra8 Nd8 25. Ng3 Nxf4 26. Ne4 Bh4 27.
Bc1 Ne2+ 28. Kf1 Nxc1 29. Rxc1 f5 30. Nd6 Re3 31. Nb7 Rxf3+ 32. Kg2 Rf2+ 33.
Kg1 Kg7 34. Nxd8 Re2 35. Nc6 Bg5 36. Rca1 Be3+ 37. Kh1 f4 38. R8a2 Bd2 39. Ne5
Re1+ 40. Rxe1 Bxe1 41. Rc2 Kf6 42. Nd3 1-0

[Event "FSV-ch 2013"]
[Site "Dortmund"]
[Date "2013.04.04"]
[Round "2.5"]
[White "Khess, Igor"]
[Black "Lemke, Philipp"]
[Result "1-0"]
[WhiteElo "1856"]
[BlackElo "1621"]
[PlyCount "57"]
[EventDate "2013.??.??"]

1. e4 e5 2. Nf3 Nc6 3. Bb5 f5 4. d3 fxe4 5. dxe4 Nf6 6. O-O Bc5 7. Bxc6 bxc6 8.
Nxe5 O-O 9. Qe2 Qe7 10. Nd3 Ba6 11. Nd2 d5 12. e5 Rae8 13. Nf3 Ng4 14. Bg5 Qf7
15. Rae1 Qh5 16. h3 Nxe5 17. Nfxe5 Qxg5 18. Qd1 Bd6 19. Nxc6 Bc8 20. Rxe8 Rxe8
21. Qf3 Rf8 22. Qe3 Qh4 23. Qxa7 Bxh3 24. gxh3 Qxh3 25. Nde5 Rf6 26. Qb8+ Bf8
27. Qb3 Qe6 28. Rd1 Rg6+ 29. Kf1 1-0

[Event "FSV-ch 2013"]
[Site "Dortmund"]
[Date "2013.04.04"]
[Round "2.7"]
[White "Dieckmann, Rudolf"]
[Black "Grube, Jörg"]
[Result "1/2-1/2"]
[WhiteElo "1619"]
[BlackElo "1836"]
[PlyCount "60"]
[EventDate "2013.??.??"]

1. d4 b5 2. e4 Bb7 3. f3 c6 4. Nh3 g6 5. a4 b4 6. c3 a5 7. Bc4 e6 8. O-O d6 9.
Re1 Qb6 10. Kh1 d5 11. exd5 cxd5 12. Bb3 Ne7 13. Bg5 Bg7 14. Nf4 Qd6 15. Qd2 h6
16. Bxe7 Kxe7 17. Nd3 Nc6 18. Nc5 Rhb8 19. Qe3 Bc8 20. Nd2 Rb6 21. Rad1 Kf8 22.
Bc2 Rab8 23. Ndb3 bxc3 24. bxc3 Kg8 25. f4 Bd7 26. Nxd7 Qxd7 27. Nc5 Qc8 28.
Rg1 Nd8 29. Bd3 {(=)} 29... Rb2 30. Bb5 Bf8 1/2-1/2

[Event "FSV-ch 2013"]
[Site "Dortmund"]
[Date "2013.04.04"]
[Round "2.8"]
[White "Bommert, Christian"]
[Black "Mokros, Jürgen"]
[Result "1-0"]
[WhiteElo "1793"]
[BlackElo "1614"]
[PlyCount "113"]
[EventDate "2013.??.??"]

1. f4 d5 2. Nf3 Nf6 3. g3 Bf5 4. Bg2 c6 5. d3 Nbd7 6. O-O e6 7. Qe1 Be7 8. Nh4
O-O 9. e4 dxe4 10. dxe4 Bc5+ 11. Kh1 Bg6 12. Nxg6 hxg6 13. Nd2 Re8 14. e5 Ng4
15. Ne4 Qb6 16. Rf3 Rad8 17. a3 Be7 18. b4 Qc7 19. c4 Nb6 20. c5 Nd5 21. Bb2
Kh7 22. h3 Nh6 23. g4 Rh8 24. Nd6 Kg8 25. Kg1 Qd7 26. Qf2 Bxd6 27. exd6 b6 28.
Rf1 f5 29. Rg3 Kh7 30. Re1 Rde8 31. Qd4 Rhg8 32. Qf2 Rh8 33. Be5 b5 34. Bf3
Rhg8 35. Qg2 Qf7 36. g5 Qd7 37. gxh6 gxh6 38. h4 a5 39. Kf2 axb4 40. axb4 Ra8
41. Bxd5 cxd5 42. Kf1 Qe8 43. Qc2 Qc6 44. Rge3 d4 45. Bxd4 Ra2 46. Bb2 Rxb2 47.
Qxb2 Qh1+ 48. Kf2 Qh2+ 49. Kf3 Qxb2 50. Rxe6 Qb3+ 51. R1e3 Qd1+ 52. Kf2 Qd2+
53. Kg3 g5 54. h5 gxf4+ 55. Kxf4 Rg4+ 56. Kxf5 Qf2+ $4 57. Kxg4 1-0

[Event "FSV-ch 2013"]
[Site "Dortmund"]
[Date "2013.04.04"]
[Round "2.9"]
[White "Reinacher, Detlev"]
[Black "Sonntag, Joachim"]
[Result "0-1"]
[WhiteElo "1596"]
[BlackElo "1788"]
[PlyCount "90"]
[EventDate "2013.??.??"]

1. Nf3 Nf6 2. g3 c5 3. Bg2 Nc6 4. d3 d5 5. c3 g6 6. Nbd2 Bg7 7. Qc2 e5 8. a3
O-O 9. O-O Qc7 10. b3 Be6 11. Bb2 Rac8 12. e4 Qd7 13. Ng5 Bg4 14. exd5 Nxd5 15.
c4 Nde7 16. Nde4 Nd4 17. Bxd4 Qxd4 18. h3 Bf5 19. g4 Be6 20. Nxe6 fxe6 21. Ng5
Qd7 22. Rfe1 h6 23. Nf3 e4 24. dxe4 Bxa1 25. Rxa1 Rcd8 26. Ra2 Qd1+ 27. Kh2
Qxc2 28. Rxc2 Nc6 29. Rc3 Kg7 30. Kg3 Rd1 31. Re3 Rfd8 32. Ne1 Ne5 33. f4 Nd3
34. Nf3 Rb1 35. b4 cxb4 36. axb4 Nxb4 37. f5 Rd3 38. Re2 e5 39. Kh2 Nc6 40.
fxg6 Kxg6 41. Nh4+ Kg7 42. Rf2 a5 43. Nf5+ Kh7 44. Nh4 Rd7 45. Rf6 Nd4 0-1

[Event "FSV-ch 2013"]
[Site "Dortmund"]
[Date "2013.04.04"]
[Round "2.10"]
[White "Schulz-Runge, Michael"]
[Black "Nagel, Frank"]
[Result "0-1"]
[WhiteElo "1718"]
[BlackElo "1585"]
[PlyCount "54"]
[EventDate "2013.??.??"]

1. e4 d5 2. exd5 Qxd5 3. Nf3 Nf6 4. Nc3 Qa5 5. Bc4 Bg4 6. h3 Bh5 7. g4 Bg6 8.
Qe2 Nbd7 9. b4 Qb6 10. g5 Nh5 11. d3 c6 12. Ne5 Qd4 13. Bxf7+ Bxf7 14. Nxf7
Qxc3+ 15. Kd1 Kxf7 16. Qxh5+ g6 17. Qf3+ Ke8 18. Rb1 Rg8 19. a3 Qd4 20. Re1 Qd5
21. Qe2 Rg7 22. f4 Rf7 23. h4 Bg7 24. c4 Qf5 25. Kc2 Nb6 26. Kb3 Nxc4 27. dxc4
Qxb1+ 0-1

[Event "FSV-ch 2013"]
[Site "Dortmund"]
[Date "2013.04.04"]
[Round "2.11"]
[White "Schlepütz, Volker"]
[Black "Ropers, Klaus"]
[Result "0-1"]
[WhiteElo "1548"]
[BlackElo "1680"]
[PlyCount "100"]
[EventDate "2013.??.??"]

1. d4 Nf6 2. c4 c5 3. d5 e6 4. Nc3 exd5 5. cxd5 d6 6. e4 g6 7. Nf3 Bg4 8. Be2
Nbd7 9. h3 Bxf3 10. Bxf3 Bg7 11. O-O a6 12. a4 O-O 13. Bf4 Qc7 14. Rc1 Rfe8 15.
Re1 Rab8 16. Qe2 Ne5 17. Bh2 Nfd7 18. Bg4 c4 19. Bxd7 Qxd7 20. Bxe5 Bxe5 21.
Qxc4 Rec8 22. Qb3 Rc5 23. Ne2 Ra5 24. Rc4 b5 25. Rb4 Kg7 26. axb5 Raxb5 27.
Rxb5 Rxb5 28. Qa4 Qb7 29. Qa3 Rb3 30. Qa5 Rxb2 31. Nc1 Rc2 32. Ne2 h5 33. Kf1
Rc5 34. Qa3 Qb5 35. Qe3 Rc3 36. Qd2 Rb3 37. Kg1 a5 38. Nd4 Rd3 39. Nxb5 Rxd2
40. Rb1 a4 41. g3 Rb2 42. Ra1 Rxb5 43. Rxa4 g5 44. Kf1 Rb2 45. g4 h4 46. Kg2
Bg3 47. Kf1 Rxf2+ 48. Kg1 Kf6 49. Ra7 Re2 50. Ra4 Ke5 0-1

[Event "FSV-ch 2013"]
[Site "Dortmund"]
[Date "2013.04.04"]
[Round "2.13"]
[White "Skoecz, Horst"]
[Black "Dite, Alexander"]
[Result "0-1"]
[WhiteElo "1173"]
[BlackElo "1646"]
[PlyCount "80"]
[EventDate "2013.??.??"]

1. e4 c5 2. Nf3 d6 3. d4 cxd4 4. Nxd4 Nf6 5. Nc3 a6 6. Bd3 e6 7. O-O Be7 8.
Nde2 O-O 9. Ng3 b5 10. Nce2 Bb7 11. Nf4 Qc7 12. Nfh5 Nbd7 13. Nxf6+ Nxf6 14. f3
Rfd8 15. Qe2 Rac8 16. a4 b4 17. a5 d5 18. e5 Nd7 19. f4 Nc5 20. Qg4 Nxd3 21.
cxd3 d4 22. Nh5 Bf8 23. Bd2 g6 24. Nf6+ Kh8 25. h4 Qc2 26. Bc1 Qxd3 27. h5 Rc2
28. hxg6 Rxg2+ 29. Qxg2 Bxg2 30. Kxg2 Qxg6+ 31. Kf2 Be7 32. Rg1 Qc2+ 33. Kf3
Bxf6 34. exf6 Qf5 35. Rg5 Qxf6 36. Bd2 Rg8 37. Rag1 Rg6 38. Bxb4 e5 39. f5 Rxg5
40. Rxg5 Qxg5 0-1

[Event "FSV-ch 2013"]
[Site "Dortmund"]
[Date "2013.04.04"]
[Round "2.14"]
[White "Heinz, Hans-Werner"]
[Black "Benke, Werner"]
[Result "0-1"]
[WhiteElo "1156"]
[BlackElo "1465"]
[PlyCount "64"]
[EventDate "2013.??.??"]

1. e4 e5 2. Nf3 Nc6 3. c3 Nf6 4. d3 Be7 5. Be2 O-O 6. O-O d5 7. exd5 Nxd5 8. h3
h6 9. d4 e4 10. Nh2 Bf5 11. c4 Nf6 12. d5 Ne5 13. b3 Re8 14. Be3 b6 15. Nc3 Bb4
16. Nb5 Qe7 17. Nd4 Bg6 18. f3 exf3 19. gxf3 Nxc4 20. Bc1 Nd6 21. Nc6 Bc5+ 22.
Kh1 Qxe2 23. Qxe2 Rxe2 24. Rd1 Rae8 25. Bf4 Be3 26. Bxe3 R2xe3 27. Nxa7 Nh5 28.
Nc6 Ng3+ 29. Kg2 Nh5 30. Nd4 Nf5 31. Nxf5 Re2+ 32. Kf1 Bxf5 0-1

[Event "FSV-ch 2013"]
[Site "Dortmund"]
[Date "2013.04.04"]
[Round "2.15"]
[White "Herrmann, Rudolf"]
[Black "Rabe, Mark"]
[Result "1-0"]
[WhiteElo "1310"]
[BlackElo "1081"]
[PlyCount "65"]
[EventDate "2013.??.??"]

1. d4 d5 2. Nf3 Nf6 3. c4 c6 4. Nc3 e6 5. e3 Be7 6. a4 O-O 7. Be2 b6 8. O-O
Nbd7 9. Qc2 Ba6 10. b3 Rc8 11. Ne5 Nxe5 12. dxe5 Nd7 13. f4 f6 14. exf6 Rxf6
15. Bb2 Rh6 16. Nd1 Bf6 17. Nf2 Bxb2 18. Qxb2 Qh4 19. Ng4 Rg6 20. Ne5 Nxe5 21.
fxe5 Qg5 22. Bf3 Qxe3+ 23. Kh1 d4 24. Rae1 Qg5 25. Qxd4 Rd8 26. Qf2 Rd2 27. Re2
Rxe2 28. Qxe2 Qe7 29. Bxc6 Qb4 30. Qf3 h6 31. Qf7+ Kh7 32. Be4 Bxc4 33. Bxg6+
1-0

[Event "FSV-ch 2013"]
[Site "Dortmund"]
[Date "2013.04.04"]
[Round "2.16"]
[White "Rzoczek, Christoph"]
[Black "Röll, Uwe"]
[Result "0-1"]
[WhiteElo "1544"]
[BlackElo "1322"]
[PlyCount "82"]
[EventDate "2013.??.??"]

1. e4 e5 2. Nf3 Nc6 3. d4 exd4 4. Nxd4 Bc5 5. Nxc6 bxc6 6. Qd3 d6 7. Nc3 h6 8.
g3 Nf6 9. Bg2 O-O 10. O-O a5 11. Ne2 a4 12. c4 a3 13. b3 Ng4 14. Be3 Nxe3 15.
fxe3 Be6 16. Nd4 Qg5 17. Rf4 Bd7 18. Raf1 Rab8 19. Nf5 Qf6 20. Rh4 Qb2 21. Bh3
Bxf5 22. Bxf5 Qxa2 23. e5 Qxb3 24. e6 Bxe3+ 25. Kg2 Qxd3 26. Bxd3 fxe6 27. Ra1
Rf2+ 28. Kh3 Bc5 29. Re4 e5 30. Ree1 Rbb2 31. Bg6 Rxh2+ 32. Kg4 Rhf2 33. Rad1
Rbd2 34. Rb1 Bd4 35. Rb8+ Rf8 36. Reb1 a2 37. Rxf8+ Kxf8 38. Rb8+ Ke7 39. Re8+
Kf6 40. Bf5 h5+ 41. Kxh5 Kxf5 0-1

[Event "FSV-ch 2013"]
[Site "Dortmund"]
[Date "2013.04.04"]
[Round "2.17"]
[White "Wangrin, Stefan A"]
[Black "Nettbohl, Werner"]
[Result "1/2-1/2"]
[WhiteElo "1222"]
[BlackElo "1526"]
[PlyCount "106"]
[EventDate "2013.??.??"]

1. e4 e5 2. c4 Nf6 3. Nc3 Nc6 4. d3 Bc5 5. Nd5 Nxd5 6. cxd5 Nd4 7. Nf3 d6 8.
Nxd4 Bxd4 9. Be2 O-O 10. O-O f5 11. Bf3 Qf6 12. Qc2 Qe7 13. Be3 Bxe3 14. fxe3
Rf7 15. exf5 Bxf5 16. e4 Bc8 17. Bh5 Rxf1+ 18. Rxf1 g6 19. Bf3 b6 20. Rc1 Ba6
21. Be2 Qg5 22. g3 Qe3+ 23. Kg2 Rf8 24. Rf1 h5 25. Rxf8+ Kxf8 26. Bf1 Qc5 27.
Qxc5 bxc5 28. h4 Ke7 29. Kf3 Bc8 30. Ke3 Bg4 31. Bg2 Kd8 32. Kd2 c6 33. Kc3
cxd5 34. exd5 Bf5 35. Be4 Kc7 36. Kc4 Kb6 37. b4 cxb4 38. Kxb4 a5+ 39. Kc4 Ka6
40. Bf3 Kb6 41. a3 Ka6 42. Bd1 Kb6 43. Ba4 Ka6 44. Be8 Kb6 45. Bb5 $4 Kc7 $4 (
45... Bxd3+ $1 $19) 46. Be8 Kb6 47. Bf7 Kc7 48. Be8 Kb6 49. Bb5 $4 Kc7 $4 (
49... Bxd3+ $1 $19) 50. Be8 Kb6 51. Ba4 Ka6 52. Be8 Kb6 53. Ba4 Ka6 1/2-1/2

[Event "FSV-ch 2013"]
[Site "Dortmund"]
[Date "2013.04.04"]
[Round "2.18"]
[White "Vogt, Christian"]
[Black "Wickenfeld, Udo"]
[Result "1/2-1/2"]
[WhiteElo "1495"]
[BlackElo "1305"]
[PlyCount "42"]
[EventDate "2013.??.??"]

1. d4 d5 2. c4 e6 3. Nc3 Nf6 4. cxd5 exd5 5. Bg5 c6 6. e3 Nbd7 7. Bd3 Qa5 8.
Nge2 c5 9. O-O c4 10. Bf5 b5 11. e4 b4 12. Bxd7+ Bxd7 13. Nxd5 Nxe4 14. Nef4
Nxg5 15. Qe2+ Ne6 16. Qe5 Qd8 17. Nxe6 Bxe6 18. Nc7+ Kd7 19. Nxa8 Qxa8 20. d5
Bg4 21. f3 Bxf3 {(=)} 1/2-1/2

[Event "FSV-ch 2013"]
[Site "Dortmund"]
[Date "2013.04.04"]
[Round "2.19"]
[White "Dirks, Rainer"]
[Black "Gerke, Dieter"]
[Result "1-0"]
[WhiteElo "1213"]
[BlackElo "1475"]
[PlyCount "63"]
[EventDate "2013.??.??"]

1. e4 c5 2. Bc4 Nc6 3. Qf3 Ne5 4. Qe2 Nf6 5. Nf3 Qc7 6. O-O b6 7. d3 h6 8. Bf4
Nxf3+ 9. Qxf3 e5 10. Bg3 Bb7 11. Nc3 a6 12. Nd5 Bxd5 13. Bxd5 Nxd5 14. exd5 d6
15. Rfe1 Be7 16. Qg4 O-O 17. f4 f5 18. Qe2 Rae8 19. fxe5 f4 20. Bf2 dxe5 21.
Qxe5 Bd6 22. Qh5 Re5 23. Rxe5 Bxe5 24. c3 Kh7 25. Re1 Bd6 26. Re6 f3 27. Qg6+
Kh8 28. Rxd6 fxg2 29. Kxg2 Qc8 30. Qe6 Qb8 31. Bg3 Rf6 32. Qe7 1-0

[Event "FSV-ch 2013"]
[Site "Dortmund"]
[Date "2013.04.04"]
[Round "2.20"]
[White "Gennat, Egon L"]
[Black "Schlettig, Hans-Joachim"]
[Result "1-0"]
[WhiteElo "1466"]
[BlackElo "1217"]
[PlyCount "53"]
[EventDate "2013.??.??"]

1. c4 c5 2. Nc3 e6 3. e4 Nc6 4. Nge2 Nf6 5. g3 d5 6. cxd5 exd5 7. exd5 Nxd5 8.
Bg2 Be6 9. O-O Be7 10. d4 O-O 11. dxc5 Nf6 12. Bxc6 bxc6 13. Qxd8 Rfxd8 14. b4
a5 15. Nf4 Bc4 16. Re1 Bf8 17. Ba3 axb4 18. Bxb4 Nd7 19. Ne4 f5 20. Nd6 Bxa2
21. Nxf5 Nxc5 22. Ne7+ Bxe7 23. Rxe7 Bd5 24. Rxa8 Rxa8 25. Nxd5 Nd3 26. Bc3
cxd5 27. Rxg7+ 1-0

[Event "FSV-ch 2013"]
[Site "Dortmund"]
[Date "2013.04.04"]
[Round "2.21"]
[White "Tautz, Eugen"]
[Black "Pauli, Helmut"]
[Result "1-0"]
[WhiteElo "1429"]
[BlackElo "1129"]
[PlyCount "59"]
[EventDate "2013.??.??"]

1. c4 e5 2. Nc3 Bb4 3. Qc2 Bxc3 4. Qxc3 Nc6 5. e3 Nf6 6. Be2 d6 7. d4 exd4 8.
exd4 O-O 9. Bg5 Ne4 10. Bxd8 Nxc3 11. Bxc7 Nxe2 12. Nxe2 Nb4 13. O-O Be6 14.
Bxd6 Nc2 15. Rac1 Rfd8 16. c5 Bf5 17. Rfd1 b6 18. Ng3 Bg6 19. a3 Rd7 20. Rd2
bxc5 21. dxc5 Nxa3 22. bxa3 Rc8 23. Re1 f6 24. Re7 Rdd8 25. Rde2 Rc6 26. h3 Ra6
27. R2e3 f5 28. f4 Ra4 29. Rb7 h5 30. Ree7 1-0

[Event "FSV-ch 2013"]
[Site "Dortmund"]
[Date "2013.04.04"]
[Round "2.22"]
[White "Böckmann, Lieselotte"]
[Black "Yangibayev, Rustam"]
[Result "1-0"]
[WhiteElo "968"]
[BlackElo "1425"]
[PlyCount "71"]
[EventDate "2013.??.??"]

1. c4 e5 2. g3 Nc6 3. Bg2 Bc5 4. e3 Nf6 5. Nc3 d6 6. Nge2 a6 7. O-O Bd7 8. d4
exd4 9. exd4 Ba7 10. Nf4 Bxd4 11. Re1+ Be5 12. Ncd5 O-O 13. Nxf6+ Bxf6 14. Rb1
Bf5 15. Bd2 Bxb1 16. Qxb1 Re8 17. Be4 g6 18. Bc3 Bxc3 19. bxc3 Rb8 20. Qd3 Ne5
21. Qe2 c6 22. Rd1 Qd7 23. h3 Qe7 24. Rd4 b5 25. Bg2 bxc4 26. Kh2 d5 27. Bxd5
cxd5 28. Nxd5 Qd6 29. Qe4 Kg7 30. Qf4 Re6 31. Nf6 Qa3 32. Rd2 Qxc3 33. Ne4 Nf3+
34. Kg2 Rbe8 $4 35. Nxc3 Nxd2 36. Qd4+ 1-0

[Event "FSV-ch 2013"]
[Site "Dortmund"]
[Date "2013.04.04"]
[Round "2.24"]
[White "Jentzsch, Werner Wilfried"]
[Black "Sobottka, Hans-Gerald"]
[Result "1-0"]
[WhiteElo "1387"]
[BlackElo "814"]
[PlyCount "47"]
[EventDate "2013.??.??"]

1. d4 d5 2. Nc3 Nf6 3. Bf4 c6 4. Nf3 Bg4 5. Ne5 e6 6. Bg5 Be7 7. Bxf6 Bxf6 8.
Nxg4 O-O 9. Nxf6+ Qxf6 10. e3 Nd7 11. Bd3 g6 12. Ne2 e5 13. c3 e4 14. Bc2 b5
15. Ng3 Qg5 16. h4 Qe7 17. Qg4 Nf6 18. Qg5 Qe6 19. h5 Kg7 20. hxg6 fxg6 21.
Nh5+ Nxh5 22. Rxh5 Qf5 23. Qh6+ Kg8 24. Qxh7# 1-0

[Event "FSV-ch 2013"]
[Site "Dortmund"]
[Date "2013.04.04"]
[Round "2.25"]
[White "Reker, Gerhard"]
[Black "Winkler, Harald"]
[Result "0-1"]
[WhiteElo "875"]
[BlackElo "1323"]
[PlyCount "96"]
[EventDate "2013.??.??"]

1. e4 b6 2. Nc3 Nc6 3. Bb5 Bb7 4. Nf3 d6 5. O-O e5 6. d3 g6 7. Bg5 Nf6 8. Nd5
Bg7 9. Nxf6+ Bxf6 10. Bxf6 Qxf6 11. Bxc6+ Bxc6 12. d4 Bxe4 13. dxe5 dxe5 14.
Re1 Rd8 15. Qe2 Bxf3 16. Qxf3 Qe6 17. Qb7 c5 18. Qxa7 O-O 19. b3 Ra8 20. Qc7 f6
21. Qb7 Rfc8 22. Qf3 Qc6 23. Qg4 Kf7 24. a4 Qe6 25. Qf3 Ra7 26. Qe3 Rc6 27. Qh6
Kg8 28. Rad1 Rd6 29. Rxd6 Qxd6 30. Qh3 Rd7 31. f3 f5 32. Qg3 Qd4+ 33. Kf1 f4
34. Qf2 Kg7 35. Qe2 Kf6 36. Qa6 Qd6 37. Qa8 Qe6 38. Qe4 Qd5 39. Qe2 g5 40. g4
fxg3 41. hxg3 h5 42. Qe3 Kf5 43. Qf2 Re7 44. Re4 Qd1+ 45. Kg2 Rd7 46. g4+ Kg6
47. gxh5+ Kxh5 48. Rxe5 Rd2 0-1

[Event "FSV-ch 2013"]
[Site "Dortmund"]
[Date "2013.04.18"]
[Round "3.1"]
[White "Zelt, Jens"]
[Black "Khess, Roman"]
[Result "1-0"]
[WhiteElo "2032"]
[BlackElo "1595"]
[PlyCount "101"]
[EventDate "2013.??.??"]

1. d4 Nf6 2. Nf3 g6 3. c3 Bg7 4. Bf4 d6 5. h3 O-O 6. Nbd2 Nbd7 7. e3 b6 8. Be2
Bb7 9. O-O Re8 10. a4 e5 11. dxe5 Nxe5 12. Nd4 a6 13. Re1 Rb8 14. Bf1 Ne4 15.
Nxe4 Bxe4 16. Bxa6 c5 17. Nc2 Qc7 18. Bf1 Rbd8 19. Na3 Qb7 20. Bg3 d5 21. Nb5
Re7 22. f3 Bf5 23. e4 Be6 24. f4 Nc6 25. e5 Red7 26. Qf3 Bf8 27. Bf2 d4 28.
cxd4 cxd4 29. Red1 Bc5 30. Rac1 Bd5 31. Qg3 Be6 32. Bd3 Kh8 33. Be4 Bd5 34. Bb1
Be6 35. Be4 Bd5 36. Bxd5 Rxd5 37. Qf3 Qd7 38. Kh2 Na7 39. Nxa7 Qxa7 40. b3 Qe7
41. Rd3 Qe6 42. Bh4 Rb8 43. Bf6+ Kg8 44. Rc4 b5 45. axb5 Rxb5 46. Ra4 Rb8 47.
Ra5 Qb6 48. Qxd5 Qxa5 49. e6 fxe6 50. Qxe6+ Kf8 51. Bg5 1-0

[Event "FSV-ch 2013"]
[Site "Dortmund"]
[Date "2013.04.18"]
[Round "3.2"]
[White "Sonntag, Joachim"]
[Black "Lauche, Christoph"]
[Result "0-1"]
[WhiteElo "1788"]
[BlackElo "1908"]
[PlyCount "70"]
[EventDate "2013.??.??"]

1. e4 d6 2. d4 Nf6 3. Nc3 Nbd7 4. Nf3 e5 5. Bc4 Be7 6. O-O h6 7. Qe2 c6 8. Be3
Qc7 9. Rad1 Nf8 10. h3 g5 11. Nh2 Ng6 12. Ng4 Nxg4 13. hxg4 Nf4 14. Qf3 h5 15.
gxh5 g4 16. Qg3 Nxh5 17. Qh2 Bf6 18. Rfe1 Nf4 19. Qg3 Bh4 20. Qh2 Bxf2+ 21.
Bxf2 Rxh2 22. Kxh2 g3+ 23. Bxg3 Bg4 24. dxe5 Bxd1 25. exd6 Qxd6 26. Rxd1 Qh6+
27. Kg1 Qg5 28. Bxf7+ Ke7 29. Bxf4 Qxf4 30. Rf1 Qe3+ 31. Rf2 Rf8 32. Nd1 Qc1
33. Bh5 Rxf2 34. Kxf2 Qxc2+ 35. Ke3 Qc5+ 0-1

[Event "FSV-ch 2013"]
[Site "Dortmund"]
[Date "2013.04.18"]
[Round "3.3"]
[White "Ropers, Klaus"]
[Black "Khess, Igor"]
[Result "1-0"]
[WhiteElo "1680"]
[BlackElo "1856"]
[PlyCount "129"]
[EventDate "2013.??.??"]

1. d4 c6 2. c4 d6 3. g3 Qc7 4. e4 e5 5. Nc3 Nf6 6. h3 Be7 7. Nge2 Nbd7 8. Bg2
Nb6 9. b3 Bd7 10. Be3 h6 11. Qd2 a5 12. a4 Nh7 13. Rd1 Be6 14. d5 Bd7 15. O-O
c5 16. f4 f6 17. f5 O-O-O 18. Ra1 Na8 19. Nc1 b6 20. Nd3 Rdg8 21. Qf2 Kb7 22.
Rfc1 Qc8 23. Nb5 g6 24. fxg6 Rxg6 25. Kh2 Ng5 26. h4 Nf7 27. Bf3 Bg4 28. Rg1
Rhg8 29. Bxg4 Qxg4 30. Qf5 Qxf5 31. exf5 R6g7 32. Nf2 h5 33. Rae1 Nc7 34. Nxc7
Kxc7 35. Bd2 Kd7 36. Re4 Bf8 37. Kh3 Rh7 38. g4 Bh6 39. Re2 Rhg7 40. Ne4 hxg4+
41. Kg2 Ke7 42. Rf2 Bxd2 43. Rxd2 Rh8 44. Kg3 Rh5 45. Rf2 Nh6 46. Rgf1 Rg8 47.
Nd2 Rh8 48. Ne4 Nf7 49. Rh2 Ng5 50. Nxg5 fxg5 51. Kxg4 Rxh4+ 52. Rxh4 Rxh4+ 53.
Kxg5 Rh3 54. Kg4 Rxb3 55. Rh1 Rc3 56. Rh7+ Ke8 57. f6 Rxc4+ 58. Kf5 Kf8 59. Ke6
Kg8 60. f7+ Kxh7 61. f8=Q Rxa4 62. Qxd6 Rg4 63. Kxe5 Rb4 64. Kf6 a4 65. Qe7+
1-0

[Event "FSV-ch 2013"]
[Site "Dortmund"]
[Date "2013.04.18"]
[Round "3.4"]
[White "Nagel, Frank"]
[Black "Schwarz, Ingo"]
[Result "1/2-1/2"]
[WhiteElo "1585"]
[BlackElo "1850"]
[PlyCount "59"]
[EventDate "2013.??.??"]

1. d4 c5 2. e3 Nf6 3. Nf3 e6 4. Be2 b6 5. O-O Bb7 6. Nbd2 Qc7 7. b3 Qc6 8. Bb2
Be7 9. c4 O-O 10. Rc1 g5 11. Bd3 h6 12. Bb1 d5 13. dxc5 Nbd7 14. Nd4 Qxc5 15.
cxd5 Qxd5 16. e4 Qd6 17. Nb5 Qb8 18. Nc7 Bd6 19. Nxa8 Bxh2+ 20. Kh1 Bf4 21. g3
Bxd2 22. Qxd2 Nxe4 23. Bxe4 Bxe4+ 24. f3 Bxa8 25. Qd4 f6 26. Qxd7 Qxg3 27.
Qxe6+ Kg7 28. Qf5 g4 29. Rc2 gxf3 30. Rff2 {(=)} (30. Rc7+ $1 Qxc7 31. Rg1+ Kf7
32. Qxf6+ Ke8 33. Qe6+ Qe7 34. Qc8+ Qd8 35. Re1+ {nebst Matt}) 1/2-1/2

[Event "FSV-ch 2013"]
[Site "Dortmund"]
[Date "2013.04.18"]
[Round "3.5"]
[White "Bommert, Christian"]
[Black "Koch, Detlev"]
[Result "1-0"]
[WhiteElo "1793"]
[BlackElo "1329"]
[PlyCount "87"]
[EventDate "2013.??.??"]

1. f4 Nf6 2. Nf3 d5 3. g3 g6 4. Bg2 Bg7 5. d3 c5 6. O-O O-O 7. c3 Nc6 8. Qe1 d4
9. e4 dxe3 10. Qxe3 Qb6 11. Nbd2 Nd7 12. Ne4 f5 13. Neg5 Bf6 14. Ne6 Rf7 15.
Nfg5 Bxg5 16. Nxg5 Nf6 17. Nxf7 Kxf7 18. Re1 e6 19. b3 Ne7 20. c4 Nc6 21. Bb2
Ng4 22. Qd2 Qb4 23. Bc3 Qb6 24. h3 Nf6 25. Qe3 a5 26. Kh2 Nd4 27. Qe5 Nd7 28.
Qe3 Qd6 29. Rac1 Rb8 30. g4 b6 31. Qg3 Nf8 32. gxf5 Nxf5 33. Be5 Qxe5 34. fxe5
Nxg3 35. Kxg3 Kg7 36. Rf1 Nd7 37. Rce1 b5 38. Bc6 bxc4 39. dxc4 Nb6 40. Rf6 a4
41. Ref1 axb3 42. axb3 Na8 43. Kh4 Rxb3 44. Bxa8 1-0

[Event "FSV-ch 2013"]
[Site "Dortmund"]
[Date "2013.04.18"]
[Round "3.6"]
[White "Dite, Alexander"]
[Black "Begna, Bozidar"]
[Result "0-1"]
[WhiteElo "1646"]
[BlackElo "1951"]
[PlyCount "80"]
[EventDate "2013.??.??"]

1. d4 d6 2. c4 e5 3. Nf3 Nd7 4. Nc3 Ngf6 5. g3 c6 6. dxe5 dxe5 7. Bg2 Bc5 8.
O-O O-O 9. Qc2 Re8 10. a3 a5 11. Rd1 Qc7 12. b3 Nf8 13. h3 Bd7 14. Bb2 Rad8 15.
e3 Ng6 16. Na4 Ba7 17. c5 Qc8 18. Kh2 Bf5 19. Qc3 Rxd1 20. Rxd1 Qc7 21. b4 Ne4
22. Qe1 Be6 23. Nc3 Nf6 24. Ng5 Bb3 25. Rd3 a4 26. Nce4 Nxe4 27. Nxe4 b6 28.
Qd2 Nf8 29. cxb6 Bxb6 30. Nc5 Bxc5 31. bxc5 e4 32. Rd6 f6 33. Rd4 f5 34. Bc3
Qe7 35. Rd6 Bd5 36. Qd4 Ne6 37. Qxa4 Nxc5 38. Qd4 Nd3 39. Rh6 gxh6 40. Qh8+ Kf7
0-1

[Event "FSV-ch 2013"]
[Site "Dortmund"]
[Date "2013.04.18"]
[Round "3.7"]
[White "Schütz, Ralf"]
[Black "Dieckmann, Rudolf"]
[Result "1/2-1/2"]
[WhiteElo "1847"]
[BlackElo "1575"]
[PlyCount "96"]
[EventDate "2013.??.??"]

1. e4 c5 2. Nf3 Nc6 3. d4 cxd4 4. Nxd4 Nxd4 5. Qxd4 Qc7 6. Nc3 e5 7. Qd3 Bb4 8.
Bd2 Nf6 9. a3 Bxc3 10. Bxc3 O-O 11. O-O-O Rd8 12. f4 Ng4 13. Qf3 d6 14. h3 Nf6
15. fxe5 dxe5 16. Rxd8+ Qxd8 17. Bxe5 Be6 18. Bd3 Ne8 19. Rd1 Rc8 20. c3 Qa5
21. Qg3 f6 22. Bd4 Qa4 23. Bc2 Qa5 24. Qe3 b6 25. e5 f5 26. Qg5 g6 27. Qe7 Ng7
28. Be3 Re8 29. Rd8 Qb5 30. Rxe8+ Qxe8 31. Qxa7 Bd5 32. Qc7 Ne6 33. Qxb6 f4 34.
Bf2 Bxg2 35. Bb3 Bxh3 36. a4 Kg7 37. Qb7+ Kh6 38. Qh1 Ng5 39. e6 Qe7 40. a5 Kg7
41. a6 Bxe6 42. Bd4+ Kf7 43. a7 Bxb3 44. a8=Q f3 45. Qh8 Qe2 46. Qf6+ Ke8 47.
Qe5+ Ne6 48. Qb5+ $4 Qxb5 1/2-1/2

[Event "FSV-ch 2013"]
[Site "Dortmund"]
[Date "2013.04.18"]
[Round "3.9"]
[White "Benke, Werner"]
[Black "Guddat, Jörn"]
[Result "1/2-1/2"]
[WhiteElo "1465"]
[BlackElo "1787"]
[PlyCount "97"]
[EventDate "2013.??.??"]

1. d4 d5 2. c4 e6 3. Nc3 c5 4. e3 Nf6 5. Nf3 Nc6 6. cxd5 exd5 7. Be2 Be7 8. O-O
O-O 9. h3 a6 10. a3 c4 11. b3 b5 12. Qc2 Bb7 13. Bb2 Re8 14. Rfe1 Rc8 15. Nd2
Qc7 16. bxc4 bxc4 17. Bf3 Rcd8 18. Na4 Na5 19. Bc3 Bc6 20. Bb4 Rb8 21. Rab1 Qd7
22. Nc3 Nb7 23. Bxe7 Qxe7 24. Nxc4 dxc4 25. Bxc6 Rec8 26. Bxb7 Rxb7 27. Rxb7
Qxb7 28. Rb1 Qc7 29. Qa4 Qd6 30. Qa5 h6 31. Rb6 Rc6 32. Rxc6 Qxc6 33. Qb4 Nd5
34. Nxd5 Qxd5 35. Kf1 Qc6 36. Qc3 Qb5 37. Ke2 a5 38. Kd2 Qd5 39. f3 Qg5 40. g4
Qh4 41. Qxc4 Qxh3 42. Qc8+ Kh7 43. Qf5+ Kg8 44. d5 Qh2+ 45. Kd3 Qd6 46. Qc8+
Kh7 47. Qf5+ Kg8 48. Qc8+ Kh7 49. Qf5+ 1/2-1/2